Stress of family members in caring for a relative with schizophrenia (Record no. 161962)
[ view plain ]
| 000 -LEADER | |
|---|---|
| fixed length control field | 01307nam a2200313 a 4500 |
| 100 1# - MAIN ENTRY--AUTHOR NAME | |
| Personal name | Chien, Wai-Tong. |
| 245 10 - TITLE STATEMENT | |
| Title | Stress of family members in caring for a relative with schizophrenia |
| 260 ## - PUBLICATION, DISTRIBUTION, ETC. (IMPRINT) | |
| Place of publication | New York : |
| Name of publisher | Nova Science Publishers, Inc., |
| Year of publication | 2010. |
| 300 ## - PHYSICAL DESCRIPTION | |
| Number of Pages | xii, 65 p. |
| 490 1# - SERIES STATEMENT | |
| Series statement | Psychiatry- theory, applications, and treatments series |
| 650 #0 - SUBJECT ADDED ENTRY--TOPICAL TERM | |
| Topical Term | Schizophrenics |
| Topical Term | Family psychotherapy. |
| 856 40 - ELECTRONIC LOCATION AND ACCESS | |
| Uniform Resource Identifier | http://site.ebrary.com/lib/rucke/Doc?id=10670996 |
No items available.
